Parc Battersea Ltd and another v Hutchinson (Record no. 60447)
[ view plain ]
| 000 -LEADER | |
|---|---|
| fixed length control field | 01275cam a2200181 4500 |
| 001 - CONTROL NUMBER | |
| control field | ABS60801 |
| 008 - FIXED-LENGTH DATA ELEMENTS--GENERAL INFORMATION | |
| fixed length control field | 000000n1999 000 0 eng u |
| 035 ## - SYSTEM CONTROL NUMBER | |
| System control number | (Sirsi) u101296 |
| 245 ## - TITLE STATEMENT | |
| Title | Parc Battersea Ltd and another v Hutchinson |
| 260 ## - PUBLICATION, DISTRIBUTION, ETC. | |
| Date of publication, distribution, etc. | 1999 |
| 490 ## - SERIES STATEMENT | |
| Series statement | Estates Gazette Law Reports |
| Volume/sequential designation | (1999) 22 EG 149-154(6) |
| 520 ## - SUMMARY, ETC. | |
| Summary, etc. | ChD 18 March 1999. The plaintiffs (P) were freeholders of a property which they leased to M Ltd for a term expiring on 31 March 1998. The lease was excluded from the operation of the Landlord and Tenant Act 1954 ss24-28. The defendant (H) went into occupation of part of the land under and oral agreement, paying monthly rent. On the expiry of M Ltd's lease, H claimed a tenancy including a term that M Ltd would not serve notice to quit expiring before 31 March 1999. P commenced proceedings for possession, and argued that the grant of the tenancy took effect in law as an assignment to the defendant of the balance of L Ltd's lease (in relation to that part of the premises to which it related) and that he did not have a tenancy protected by the 1954 Act. "Held" judgement given for plaintiffs. |
| 650 ## - SUBJECT ADDED ENTRY--TOPICAL TERM | |
| Topical term or geographic name entry element | ASSIGNMENT |
| 650 ## - SUBJECT ADDED ENTRY--TOPICAL TERM | |
| Topical term or geographic name entry element | SUB-TENANCY |
| 650 ## - SUBJECT ADDED ENTRY--TOPICAL TERM | |
| Topical term or geographic name entry element | ORAL AGREEMENT |
| 690 ## - LOCAL SUBJECT ADDED ENTRY--TOPICAL TERM (OCLC, RLIN) | |
| Topical term or geographic name as entry element | LANDLORD AND TENANT-CASE LAW |
| 942 ## - ADDED ENTRY ELEMENTS (KOHA) | |
| Suppress in OPAC | 0 |
| Withdrawn status | Lost status | Source of classification or shelving scheme | Damaged status | Not for loan | Home library | Current library | Shelving location | Date acquired | Total Checkouts | Full call number | Barcode | Date last seen | Copy number | Price effective from | Koha item type |
|---|---|---|---|---|---|---|---|---|---|---|---|---|---|---|---|
| Dewey Decimal Classification | London | London | Journal article | 03/11/1999 | ABS60801 | 101296-1001 | 06/08/2019 | 1 | 06/08/2019 | Journal article |